[Event "EST team ch"]
[Site "?"]
[Date "2001.??.??"]
[Round "?"]
[White "Muutnik, Valdo"]
[Black "Kangur, Alvar"]
[Result "1-0"]
[WhiteElo "2098"]
[BlackElo "2265"]
[PlyCount "75"]

1. d4 Nf6 2. c4 g6 3. Nf3 Bg7 4. g3 O-O 5. Bg2 d6 6. O-O Nbd7 7. Nc3 c6 8. e4
e5 9. h3 Qb6 10. d5 cxd5 11. cxd5 Nc5 12. Ne1 a5 13. Nd3 Nxd3 14. Qxd3 Bd7 15.
Be3 Qa6 16. Qxa6 bxa6 17. b3 Rfb8 18. Rab1 Bf8 19. Rfc1 Be7 20. Na4 Bd8 21. g4
Kg7 22. f3 h6 23. Bf1 Ne8 24. Bd3 Bg5 25. Kf2 Kf6 26. Rh1 Ke7 27. Bb6 Bd2 28.
Ke2 Bb4 29. Be3 h5 30. Nb6 Ra7 31. Nc8+ Bxc8 32. Bxa7 Ra8 33. Be3 hxg4 34. hxg4
Nf6 35. Bg5 Bb7 36. Rbc1 Bc5 37. Rxc5 dxc5 38. d6+ 1-0

[Event "EST team ch"]
[Site "?"]
[Date "2001.??.??"]
[Round "?"]
[White "Ilves, Juri"]
[Black "Muutnik, Valdo"]
[Result "1/2-1/2"]
[WhiteElo "2134"]
[BlackElo "2098"]
[PlyCount "82"]

1. e4 d6 2. d4 c6 3. f4 d5 4. e5 Nh6 5. Nf3 e6 6. Be2 c5 7. O-O Nc6 8. Kh1 cxd4
9. Nxd4 Nxd4 10. Qxd4 Nf5 11. Bb5+ Bd7 12. Qa4 a6 13. Bxd7+ Qxd7 14. Qxd7+ Kxd7
15. c3 h5 16. a4 b6 17. g3 Bc5 18. Na3 b5 19. Nc2 Rhb8 20. Bd2 Ne7 21. Ra2 Nc6
22. b4 Bb6 23. Rfa1 Ra7 24. Kg2 Rc7 25. axb5 axb5 26. Kf3 f6 27. exf6 gxf6 28.
Ra8 Rcc8 29. Rxb8 Rxb8 30. Be3 Bxe3 31. Kxe3 e5 32. Ra6 Kc7 33. fxe5 fxe5 34.
Ra1 Rf8 35. Ke2 Kb6 36. Rf1 Rxf1 37. Kxf1 Kc7 38. Ke2 Kd6 39. Na3 Na7 40. h3
Ke6 41. Kf3 Kf5 1/2-1/2

[Event "EST team ch"]
[Site "?"]
[Date "2001.??.??"]
[Round "?"]
[White "Leito, Priit"]
[Black "Gavrikov, Viktor"]
[Result "0-1"]
[WhiteElo "2355"]
[BlackElo "2565"]
[PlyCount "110"]

1. c4 Nf6 2. Nc3 e5 3. g3 Bb4 4. Bg2 Bxc3 5. dxc3 d6 6. e4 Nbd7 7. Ne2 a6 8.
O-O b5 9. cxb5 axb5 10. Be3 Bb7 11. f3 O-O 12. a4 bxa4 13. Rxa4 Bc6 14. Rxa8
Qxa8 15. b4 Bb5 16. Qc2 Qc6 17. Ra1 d5 18. exd5 Nxd5 19. Bf2 Nxb4 20. Qd2 Nd3
21. Be3 Bc4 22. f4 e4 23. Nd4 Qd5 24. Nc2 Ra8 25. Qd1 f5 26. Nb4 Rxa1 27. Qxa1
Nxb4 28. cxb4 Nf8 29. Qd4 Qxd4 30. Bxd4 h5 31. Kf2 Kf7 32. h3 g6 33. Ke3 Ke6
34. g4 Nd7 35. gxf5+ gxf5 36. h4 c6 37. Bh3 Bb5 38. Bc3 Nf8 39. Be1 Ng6 40. Bg2
Kd5 41. Bh3 Ne7 42. Bc3 Kc4 43. Be5 Nd5+ 44. Kd2 e3+ 45. Ke1 Nxb4 46. Bxf5 Kd5
47. Bc7 Bd3 48. Bxd3 Nxd3+ 49. Ke2 Ke4 50. f5 Nc1+ 51. Kd1 e2+ 52. Kd2 Kf3 53.
Ba5 Nb3+ 54. Ke1 Nc5 55. Kd2 Kf2 0-1

[Event "EST team ch"]
[Site "?"]
[Date "2001.??.??"]
[Round "?"]
[White "Kulaots, Kaido"]
[Black "Narva, Jaan"]
[Result "1-0"]
[WhiteElo "2519"]
[BlackElo "2317"]
[PlyCount "79"]

1. d4 d5 2. c4 c6 3. Nc3 Nf6 4. e3 Bf5 5. cxd5 cxd5 6. Qb3 Bc8 7. Nf3 e6 8. Ne5
a6 9. Bd3 Bd6 10. f4 b5 11. Bd2 Qe7 12. O-O Bb7 13. Be1 Ne4 14. Qc2 f5 15. g4
Nd7 16. gxf5 exf5 17. Qg2 O-O-O 18. a4 b4 19. Nxe4 fxe4 20. Rc1+ Bc7 21. Be2
Nxe5 22. fxe5 Kb8 23. Rf4 Rdf8 24. Bh4 Qd7 25. Rcf1 Rxf4 26. Rxf4 Bc8 27. b3
Rg8 28. Be1 a5 29. Bb5 Qe6 30. Qf1 Bd8 31. Qg2 Qh6 32. Bg3 Qe6 33. Kh1 Be7 34.
Qc2 Bb7 35. Bd7 Qa6 36. e6 Ka8 37. Rf7 Bd6 38. Bxd6 Qxd6 39. Qc5 Qa6 40. e7 1-0

[Event "EST team ch"]
[Site "?"]
[Date "2001.??.??"]
[Round "?"]
[White "Lauk, Ular"]
[Black "Kangur, Alvar"]
[Result "1-0"]
[WhiteElo "2330"]
[BlackElo "2265"]
[PlyCount "75"]

1. e4 c5 2. Nf3 Nc6 3. d4 cxd4 4. Nxd4 Nf6 5. Nc3 g6 6. Be3 Bg7 7. Nb3 O-O 8.
Be2 d6 9. f4 Be6 10. g4 Na5 11. g5 Nd7 12. Bd4 Nxb3 13. axb3 Bxd4 14. Qxd4 Qb6
15. Qxb6 Nxb6 16. Ra5 Bd7 17. h4 Bc6 18. O-O e6 19. Rd1 Rfd8 20. Kf2 a6 21. Bf3
Kf8 22. f5 gxf5 23. exf5 Bxf3 24. Kxf3 Rac8 25. Kg4 Nd7 26. Kh5 Ne5 27. Ra4 Rc6
28. Rf4 Kg7 29. Ne2 Re8 30. Nd4 Rc5 31. Rdf1 Nc6 32. Nxc6 e5 33. f6+ Kf8 34.
Nxe5 dxe5 35. Rc4 Rd5 36. Re1 Rd2 37. Ree4 b6 38. Kh6 1-0

[Event "EST team ch"]
[Site "?"]
[Date "2001.??.??"]
[Round "?"]
[White "Vark, Liina"]
[Black "Fomina, Tatjana"]
[Result "0-1"]
[WhiteElo "2108"]
[BlackElo "2278"]
[PlyCount "118"]

1. d4 f5 2. c4 Nf6 3. g3 e6 4. Nc3 Be7 5. Bg2 O-O 6. Nf3 Ne4 7. Qc2 d5 8. O-O
Bf6 9. Rd1 c6 10. Bf4 Nd7 11. Ne5 Qe7 12. Rac1 g5 13. Nxd7 Bxd7 14. Nxe4 gxf4
15. Nxf6+ Rxf6 16. gxf4 Rg6 17. Rd3 Qg7 18. Rg3 Qxd4 19. e3 Qg7 20. Qc3 Qxc3
21. Rxc3 Kf7 22. Kf1 Kf6 23. Rh3 Rg7 24. Bf3 Rag8 25. Rh6+ Ke7 26. Ke2 Kd6 27.
c5+ Kc7 28. Ra3 a6 29. Rc3 b6 30. b4 a5 31. bxa5 bxc5 32. Rxc5 Rb8 33. Kd2 Rb2+
34. Rc2 Rb5 35. a6 Ra5 36. Be2 Bc8 37. Rb2 Kd6 38. Kc3 Ra7 39. Bd3 Ra3+ 40. Kc2
Kc5 41. Rf6 Bxa6 42. Bxa6 R7xa6 43. Rxe6 Rxa2 44. Re7 Rxb2+ 45. Kxb2 Kc4 46.
Rxh7 c5 47. Rf7 Rh6 48. Rxf5 Rxh2 49. Re5 Rxf2+ 50. Kc1 d4 51. exd4 cxd4 52. f5
Kd3 53. Ra5 Rf1+ 54. Kb2 Kd2 55. Re5 d3 56. Re4 Rxf5 57. Kb3 Rb5+ 58. Kc4 Rb8
59. Rd4 Rc8+ 0-1